000 00758nam a2200217 a 4500
001 000034423
005 20200930073706.0
008 111004s2001 sp ac 000 0 spa d
020 _a8475560830
040 _aDO-SdBNP
_bspa
_cBNPHU
082 _a833.912
_bB395L
100 1 _aBecker, Katinka Rosés
_959850
245 1 3 _aEl lector de... Hermann Hesse /
_cKatinka Rosés Becker, Francese Miralles Contijoch.
260 _aBarcelona, España :
_bOcéano Grupo Editorial,
_c2001.
300 _a167 p. :
_bil., retrs. ;
_c21 cm.
600 1 4 _aHESSE, HERMANN
_d1877-1962
_xCRÍTICA E INTERPRETACIÓN
_959851
650 4 _aAutores alemanes
_959852
700 1 2 _aMiralles Contijoch, Francese
_959853
910 _aValidado. Control de calidad MFF
049 _aBNGR
999 _c33914
_d33914